000 00434nam a22001577a 4500
005 20251108174736.0
008 250721s2006 xx 000 0 ara d
082 1 4 _a613.95/فهم
100 1 _aفهمي، عادل
245 1 0 _aممنوع لأقل من 17 سنة /
264 1 _aالقاهرة :
_bالغد الجديد،
_c2006.
300 _a119ص.
650 1 7 _aالنضج الجنسي
942 _2ddc
_cBK
999 _c116883
_d116883